• 首页
  • 本馆介绍
  • 公告通知
  • 最新文献
  • 馆藏检索
  • 电子资源
  • 读者导购
  • 参考咨询
  • 我的图书馆
  • 登录
  • 详细信息显示
  • 放入我的书架
  • 预约/预借图书
  • 作者相关作品
  • 分类相关作品
  • 丛书相关作品
  • 出版社相关作品

书目信息

  • 表格格式
  • 工作单格式
  • 卡片格式
题名:
空间光电技术与光学系统
    
 
作者: 姜会林 著
分册:  
出版信息: 北京   科学出版社  2015.3
页数: 11,327页
开本: 24cm
丛书名: 光学与光子学丛书
单 册:
中图分类: TN2 , TH740.2
科图分类:
主题词: 光电技术--研究 , 光学系统--系统设计
电子资源:
ISBN: 978-7-03-045407-2
000 01147nam 2200289 450
001 0400004852
005 20171025105021.0
010    @a978-7-03-045407-2@b精装@dCNY128.00
100    @a20160525d2015 em y0chiy50 ea
101 0  @achi
102    @aCN@b110000
105    @aa z 000yy
106    @ar
200 1  @a空间光电技术与光学系统@9kong jian guang dian ji shu yu guang xue xi tong@b专著@f姜会林等著
210    @a北京@c科学出版社@d2015.3
215    @a11,327页@c图@d24cm
225 2  @a光学与光子学丛书
300    @a“十二五”国家重点图书出版规划项目
330    @a本书共十章。前五章主要阐述空间光电领域的一些技术问题,包括空间光电技术的研发进展、大气信道影响与光学补偿、光学系统质量评价、空间目标的光学探测及光学动态跟瞄等技术;后五章重点介绍空间光学系统的设计方法,包括折射式及反射式系统光学设计、空间激光通信系统光学设计、太阳模拟器及地球模拟器系统的光学设计等。
461  0 @12001 @a光学与光子学丛书
606 0  @a光电技术@x研究
606 0  @a光学系统@x系统设计
690    @aTN2@v5
690    @aTH740.2@v5
701  0 @a姜会林@9jiang hui lin@f(1945.7-)@4著
801  0 @aCN@b91MARC@c20171025
905    @b1039628-31@dTN2@f4@e131
    
    空间光电技术与光学系统/姜会林等著.-北京:科学出版社,2015.3
    11,327页:图;24cm.-(光学与光子学丛书)
    “十二五”国家重点图书出版规划项目
    
    ISBN 978-7-03-045407-2(精装):CNY128.00
    本书共十章。前五章主要阐述空间光电领域的一些技术问题,包括空间光电技术的研发进展、大气信道影响与光学补偿、光学系统质量评价、空间目标的光学探测及光学动态跟瞄等技术;后五章重点介绍空间光学系统的设计方法,包括折射式及反射式系统光学设计、空间激光通信系统光学设计、太阳模拟器及地球模拟器系统的光学设计等。
●
相关链接 在E读中查询图书 在五车中查询图书 在当当中查询图书 在豆瓣中查询图书


正题名:空间光电技术与光学系统     索取号:TN2/131         预约/预借

序号 登录号 条形码 馆藏地/架位号 状态 备注
1 1039628   210396285   第二样本阅览室/ [索取号:TN2/131] 在馆    
2 1039629   210396294   密集书库-物理学院/ [索取号:TN2/131] 在馆    
3 1039630   210396301   第三借阅区/ [索取号:TN2/131] 在馆    
4 1039631   210396310   第三借阅区/ [索取号:TN2/131] 在馆    
唐山师范学院图书馆 欢迎您!
大连网信软件有限公司© 版权所有